Tilastot visalle Inkavaltakunnan valtiot kartalla

Klikkaa tästä pelataksesi tätä visaa!

Yleistilastot

  • Tätä visaa on pelattu 528 kertaa
  • Keskiarvotulos 6 / 6

Vastaukset kartalla

Vastauksille on annettu kartalla punavihreä väri sen mukaan, kuinka moni on saanut sen oikein.
 

Vastaustilastot

Valtio% Oikein
Chile
99%
Peru
99%
Bolivia
96%
Ecuador
95%
Kolumbia
93%
Argentiina
91%

Tulosjakauma

Persentiili vastausten määrän mukaan

Jokaisen tuloksen saaneiden osuus

Tuloshistoriasi

Et ole pelannut tätä visaa